[Event "April 9 Early 2024"]
[Site "Chess.com"]
[Date "2024.04.09"]
[Round "1"]
[White "Asish Panda"]
[Black "Tilahun , Abel Mathewos"]
[Result "1-0"]
[Board "280"]
[WhiteFideId "45012458"]
[BlackFideId "15702391"]
[BlackTitle "CM"]
[WhiteElo "2573"]
[BlackElo "2087"]
[WhiteTeam "IND"]
[BlackTeam "ETH"]
[WhiteClock "0:00:07"]
[BlackClock "0:00:02"]
[Variant "Standard"]

1. e4 {[%clk 0:03:00]}  e6 {[%clk 0:02:53]} 2. Nf3 {[%clk 0:02:59]}  d5 {[%clk 0:02:53]} 3. Nc3 {[%clk 0:02:59]}  dxe4 {[%clk 0:02:52]} 4. Nxe4 {[%clk 0:02:57]}  Nd7 {[%clk 0:02:53]} 5. d4 {[%clk 0:02:57]}  Ngf6 {[%clk 0:02:54]} 6. Ng3 {[%clk 0:02:57]}  Be7 {[%clk 0:02:53]} 7. Bd3 {[%clk 0:02:57]}  O-O {[%clk 0:02:54]} 8. O-O {[%clk 0:02:56]}  b6 {[%clk 0:02:54]} 9. Re1 {[%clk 0:02:56]}  Bb7 {[%clk 0:02:55]} 10. c3 {[%clk 0:02:54]}  c5 {[%clk 0:02:55]} 11. Be3 {[%clk 0:02:52]}  cxd4 {[%clk 0:02:55]} 12. Bxd4 {[%clk 0:02:52]}  Rc8 {[%clk 0:02:51]} 13. Ng5 {[%clk 0:02:39]}  Nc5 {[%clk 0:02:46]} 14. Bc2 {[%clk 0:02:32]}  Qd5 {[%clk 0:02:36]} 15. N5e4 {[%clk 0:02:23]}  Qd8 {[%clk 0:02:27]} 16. Qf3 {[%clk 0:01:41]}  Ncxe4 {[%clk 0:02:18]} 17. Nxe4 {[%clk 0:01:38]}  Nxe4 {[%clk 0:02:10]} 18. Bxe4 {[%clk 0:01:36]}  Bxe4 {[%clk 0:02:05]} 19. Rxe4 {[%clk 0:01:37]}  Bf6 {[%clk 0:02:01]} 20. Bxf6 {[%clk 0:01:37]}  Qxf6 {[%clk 0:01:59]} 21. Rf4 {[%clk 0:01:36]}  Qg6 {[%clk 0:01:49]} 22. Rg4 {[%clk 0:01:34]}  Qc2 {[%clk 0:01:38]} 23. Rb4 {[%clk 0:01:21]}  Rcd8 {[%clk 0:01:30]} 24. h4 {[%clk 0:01:18]}  Rd2 {[%clk 0:01:28]} 25. h5 {[%clk 0:01:11]}  h6 {[%clk 0:01:26]} 26. Re1 {[%clk 0:00:55]}  Rfd8 {[%clk 0:01:25]} 27. a4 {[%clk 0:00:49]}  Rd1 {[%clk 0:01:20]} 28. Rxd1 {[%clk 0:00:48]}  Rxd1+ {[%clk 0:01:19]} 29. Kh2 {[%clk 0:00:48]}  Rd3 {[%clk 0:01:09]} 30. Qa8+ {[%clk 0:00:42]}  Kh7 {[%clk 0:01:07]} 31. Qe4+ {[%clk 0:00:36]}  f5 {[%clk 0:00:46]} 32. Qxe6 {[%clk 0:00:17]}  Qxf2 {[%clk 0:00:30]} 33. Qg6+ {[%clk 0:00:17]}  Kg8 {[%clk 0:00:27]} 34. Rc4 {[%clk 0:00:15]}  Rd8 {[%clk 0:00:16]} 35. Qe6+ {[%clk 0:00:13]}  Kh8 {[%clk 0:00:14]} 36. Qg6 {[%clk 0:00:12]}  a6 {[%clk 0:00:06]} 37. Qg3 {[%clk 0:00:09]}  Qxg3+ {[%clk 0:00:05]} 38. Kxg3 {[%clk 0:00:09]}  Rd6 {[%clk 0:00:05]} 39. b4 {[%clk 0:00:08]}  Kg8 {[%clk 0:00:04]} 40. Kf4 {[%clk 0:00:09]}  Rd5 {[%clk 0:00:03]} 41. Rc6 {[%clk 0:00:07]}  Rd3 {[%clk 0:00:03]} 42. Kxf5 {[%clk 0:00:06]}  Rd2 {[%clk 0:00:04]} 43. g4 {[%clk 0:00:06]}  Rf2+ {[%clk 0:00:02]} 44. Kg6 {[%clk 0:00:06]}  Kf8 {[%clk 0:00:02]} 45. Rxb6 {[%clk 0:00:04]}  Ke7 {[%clk 0:00:02]} 46. Kxg7 {[%clk 0:00:04]}  Rc2 {[%clk 0:00:03]} 47. Kxh6 {[%clk 0:00:03]}  Rxc3 {[%clk 0:00:03]} 48. g5 {[%clk 0:00:04]}  Rc4 {[%clk 0:00:03]} 49. b5 {[%clk 0:00:04]}  a5 {[%clk 0:00:03]} 50. Rb7+ {[%clk 0:00:04]}  Kd6 {[%clk 0:00:03]} 51. g6 {[%clk 0:00:05]}  Rxa4 {[%clk 0:00:03]} 52. g7 {[%clk 0:00:05]}  Rh4 {[%clk 0:00:04]} 53. Rb8 {[%clk 0:00:06]}  a4 {[%clk 0:00:05]} 54. g8=Q {[%clk 0:00:06]}  Rg4 {[%clk 0:00:04]} 55. Qd8+ {[%clk 0:00:06]}  Ke6 {[%clk 0:00:03]} 56. Qc8+ {[%clk 0:00:07]}  Ke5 {[%clk 0:00:03]} 57. Qxg4 {[%clk 0:00:07]}  a3 {[%clk 0:00:04]} 58. Re8+ {[%clk 0:00:07]}  Kd6 {[%clk 0:00:04]} 59. Qd4+ {[%clk 0:00:07]}  Kc7 {[%clk 0:00:03]} 60. Re7+ {[%clk 0:00:07]}  Kb8 {[%clk 0:00:02]} 61. Qd8# {[%clk 0:00:07]} 1-0

[Event "April 9 Early 2024"]
[Site "Chess.com"]
[Date "2024.04.09"]
[Round "1"]
[White "Jordan, Christian"]
[Black "Grochal, Joey"]
[Result "0-1"]
[Board "283"]
[WhiteFideId "4681193"]
[BlackFideId "1019945"]
[WhiteTitle "CM"]
[BlackTitle "FM"]
[WhiteElo "2022"]
[BlackElo "2570"]
[WhiteTeam "GER"]
[BlackTeam "NED"]
[WhiteClock "0:00:22"]
[BlackClock "0:01:43"]
[Variant "Standard"]

1. e4 {[%clk 0:02:59]}  e5 {[%clk 0:02:59]} 2. f4 {[%clk 0:02:57]}  exf4 {[%clk 0:02:59]} 3. Nf3 {[%clk 0:02:56]}  g5 {[%clk 0:02:57]} 4. Nc3 {[%clk 0:02:36]}  g4 {[%clk 0:02:48]} 5. Ne5 {[%clk 0:02:28]}  Qh4+ {[%clk 0:02:47]} 6. g3 {[%clk 0:02:22]}  fxg3 {[%clk 0:02:47]} 7. Qxg4 {[%clk 0:02:16]}  g2+ {[%clk 0:02:15]} 8. Qxh4 {[%clk 0:02:14]}  gxh1=Q {[%clk 0:02:16]} 9. d3 {[%clk 0:01:53]}  d6 {[%clk 0:02:04]} 10. Ng4 {[%clk 0:01:33]}  Be7 {[%clk 0:01:48]} 11. Qg3 {[%clk 0:01:27]}  Bxg4 {[%clk 0:01:44]} 12. Qxg4 {[%clk 0:01:26]}  Qxh2 {[%clk 0:01:44]} 13. Qc8+ {[%clk 0:00:29]}  Bd8 {[%clk 0:01:44]} 14. Bg5 {[%clk 0:00:22]}  Qg3+ {[%clk 0:01:43]} 0-1

[Event "April 9 Early 2024"]
[Site "Chess.com"]
[Date "2024.04.09"]
[Round "1"]
[White "Sielecki, Christof"]
[Black "Roebers, Jan"]
[Result "1-0"]
[Board "284"]
[WhiteFideId "4620437"]
[BlackFideId "1007815"]
[WhiteTitle "IM"]
[BlackTitle "FM"]
[WhiteElo "2569"]
[BlackElo "2003"]
[WhiteTeam "GER"]
[BlackTeam "NED"]
[WhiteClock "0:01:55"]
[BlackClock "0:01:52"]
[Variant "Standard"]

1. d4 {[%clk 0:02:59]}  Nf6 {[%clk 0:02:59]} 2. g3 {[%clk 0:02:54]}  g6 {[%clk 0:02:59]} 3. Bg2 {[%clk 0:02:54]}  Bg7 {[%clk 0:02:58]} 4. Nf3 {[%clk 0:02:54]}  O-O {[%clk 0:02:58]} 5. O-O {[%clk 0:02:55]}  d6 {[%clk 0:02:58]} 6. b3 {[%clk 0:02:55]}  Nc6 {[%clk 0:02:57]} 7. Bb2 {[%clk 0:02:55]}  a6 {[%clk 0:02:54]} 8. d5 {[%clk 0:02:50]}  Na5 {[%clk 0:02:48]} 9. c4 {[%clk 0:02:42]}  b5 {[%clk 0:02:46]} 10. Nbd2 {[%clk 0:02:28]}  Rb8 {[%clk 0:02:41]} 11. Bc3 {[%clk 0:02:23]}  c5 {[%clk 0:02:40]} 12. Qc2 {[%clk 0:02:20]}  e6 {[%clk 0:02:27]} 13. e4 {[%clk 0:02:15]}  bxc4 {[%clk 0:02:20]} 14. bxc4 {[%clk 0:02:14]}  exd5 {[%clk 0:02:19]} 15. cxd5 {[%clk 0:02:13]}  Re8 {[%clk 0:02:11]} 16. h3 {[%clk 0:02:09]}  c4 {[%clk 0:02:03]} 17. Rab1 {[%clk 0:01:59]}  Bd7 {[%clk 0:02:01]} 18. Rxb8 {[%clk 0:01:55]}  Qxb8 {[%clk 0:01:52]} 19. Bxa5 {[%clk 0:01:55]} 1-0

[Event "April 9 Early 2024"]
[Site "Chess.com"]
[Date "2024.04.09"]
[Round "1"]
[White "Gazineu Neto, Rubens"]
[Black "Yezhel, Valiantsin"]
[Result "0-1"]
[Board "285"]
[WhiteFideId "2174685"]
[BlackFideId "13504983"]
[BlackTitle "FM"]
[WhiteElo "2002"]
[BlackElo "2569"]
[WhiteTeam "BRA"]
[BlackTeam "FID"]
[WhiteClock "0:00:01"]
[BlackClock "0:00:52"]
[Variant "Standard"]

1. e4 {[%clk 0:02:59]}  c5 {[%clk 0:02:59]} 2. Nf3 {[%clk 0:02:59]}  g6 {[%clk 0:02:59]} 3. d4 {[%clk 0:02:59]}  cxd4 {[%clk 0:02:56]} 4. Nxd4 {[%clk 0:03:00]}  Bg7 {[%clk 0:02:56]} 5. Nc3 {[%clk 0:03:00]}  Nc6 {[%clk 0:02:55]} 6. Be3 {[%clk 0:03:01]}  Nf6 {[%clk 0:02:51]} 7. Bc4 {[%clk 0:02:59]}  O-O {[%clk 0:02:45]} 8. Bb3 {[%clk 0:02:59]}  a5 {[%clk 0:02:45]} 9. a3 {[%clk 0:02:45]}  a4 {[%clk 0:02:41]} 10. Ba2 {[%clk 0:02:37]}  e6 {[%clk 0:02:36]} 11. O-O {[%clk 0:02:29]}  d5 {[%clk 0:02:36]} 12. exd5 {[%clk 0:02:22]}  Nxd5 {[%clk 0:02:36]} 13. Nxd5 {[%clk 0:02:21]}  exd5 {[%clk 0:02:37]} 14. Re1 {[%clk 0:01:59]}  Be6 {[%clk 0:02:20]} 15. c3 {[%clk 0:01:54]}  Re8 {[%clk 0:02:16]} 16. Qd2 {[%clk 0:01:52]}  Ne5 {[%clk 0:02:05]} 17. h3 {[%clk 0:01:40]}  Nc4 {[%clk 0:02:05]} 18. Bxc4 {[%clk 0:01:37]}  dxc4 {[%clk 0:02:05]} 19. Nxe6 {[%clk 0:01:34]}  Rxe6 {[%clk 0:02:06]} 20. Qxd8+ {[%clk 0:01:31]}  Rxd8 {[%clk 0:02:07]} 21. Rad1 {[%clk 0:01:31]}  Ree8 {[%clk 0:01:54]} 22. Kf1 {[%clk 0:01:27]}  Bf6 {[%clk 0:01:49]} 23. Bb6 {[%clk 0:01:22]}  Rxe1+ {[%clk 0:01:45]} 24. Rxe1 {[%clk 0:01:21]}  Rd2 {[%clk 0:01:37]} 25. Re2 {[%clk 0:01:21]}  Rd6 {[%clk 0:01:31]} 26. Bc5 {[%clk 0:01:14]}  Rd1+ {[%clk 0:01:22]} 27. Re1 {[%clk 0:01:13]}  Rxe1+ {[%clk 0:01:23]} 28. Kxe1 {[%clk 0:01:12]}  Bg5 {[%clk 0:01:20]} 29. Be3 {[%clk 0:01:06]}  Bxe3 {[%clk 0:01:18]} 30. fxe3 {[%clk 0:01:06]}  Kg7 {[%clk 0:01:18]} 31. Ke2 {[%clk 0:00:59]}  Kf6 {[%clk 0:01:19]} 32. Kf3 {[%clk 0:00:59]}  Ke5 {[%clk 0:01:18]} 33. g4 {[%clk 0:00:53]}  f5 {[%clk 0:01:02]} 34. g5 {[%clk 0:00:28]}  b6 {[%clk 0:00:59]} 35. h4 {[%clk 0:00:21]}  b5 {[%clk 0:00:59]} 36. Kf2 {[%clk 0:00:16]}  Ke4 {[%clk 0:00:59]} 37. Ke2 {[%clk 0:00:16]}  f4 {[%clk 0:00:59]} 38. exf4 {[%clk 0:00:15]}  Kxf4 {[%clk 0:01:00]} 39. Kf2 {[%clk 0:00:10]}  Kg4 {[%clk 0:00:50]} 40. Ke3 {[%clk 0:00:10]}  Kxh4 {[%clk 0:00:50]} 41. Kd4 {[%clk 0:00:10]}  Kxg5 {[%clk 0:00:50]} 42. Kc5 {[%clk 0:00:11]}  h5 {[%clk 0:00:51]} 43. Kxb5 {[%clk 0:00:04]}  h4 {[%clk 0:00:51]} 44. Kxc4 {[%clk 0:00:03]}  h3 {[%clk 0:00:52]} 45. b4 {[%clk 0:00:03]}  axb3 {[%clk 0:00:51]} 46. Kxb3 {[%clk 0:00:01]}  h2 {[%clk 0:00:52]} 0-1

[Event "April 9 Early 2024"]
[Site "Chess.com"]
[Date "2024.04.10"]
[Round "1"]
[White "Jimenez Almeida, Luis David"]
[Black "Bezerra, Natacio Goncalves"]
[Result "1-0"]
[Board "286"]
[WhiteFideId "22242244"]
[BlackFideId "2134314"]
[WhiteTitle "FM"]
[WhiteElo "2568"]
[BlackElo "2001"]
[WhiteTeam "ESP"]
[BlackTeam "BRA"]
[WhiteClock "0:00:17"]
[BlackClock "0:00:05"]
[Variant "Standard"]

1. e4 {[%clk 0:02:56]}  c6 {[%clk 0:02:59]} 2. Nc3 {[%clk 0:02:55]}  d5 {[%clk 0:03:00]} 3. Qf3 {[%clk 0:02:56]}  Nf6 {[%clk 0:02:52]} 4. e5 {[%clk 0:02:44]}  Nfd7 {[%clk 0:02:51]} 5. d4 {[%clk 0:02:44]}  e6 {[%clk 0:02:51]} 6. Nh3 {[%clk 0:02:43]}  h6 {[%clk 0:02:47]} 7. Nf4 {[%clk 0:02:41]}  c5 {[%clk 0:02:46]} 8. dxc5 {[%clk 0:02:29]}  Bxc5 {[%clk 0:02:41]} 9. Qg3 {[%clk 0:02:28]}  Qg5 {[%clk 0:02:18]} 10. Nd3 {[%clk 0:02:25]}  Qxg3 {[%clk 0:02:16]} 11. hxg3 {[%clk 0:02:26]}  Bd4 {[%clk 0:02:12]} 12. Nb5 {[%clk 0:02:24]}  Bb6 {[%clk 0:02:04]} 13. Be3 {[%clk 0:02:05]}  O-O {[%clk 0:01:51]} 14. Bxb6 {[%clk 0:02:01]}  axb6 {[%clk 0:01:51]} 15. f4 {[%clk 0:02:01]}  Nc6 {[%clk 0:01:48]} 16. Be2 {[%clk 0:01:58]}  Nc5 {[%clk 0:01:47]} 17. O-O {[%clk 0:01:53]}  f6 {[%clk 0:01:43]} 18. exf6 {[%clk 0:01:49]}  gxf6 {[%clk 0:01:29]} 19. a3 {[%clk 0:01:34]}  Ne4 {[%clk 0:01:15]} 20. Kh2 {[%clk 0:01:31]}  Bd7 {[%clk 0:01:08]} 21. Bg4 {[%clk 0:01:08]}  Ne7 {[%clk 0:00:59]} 22. Nc7 {[%clk 0:01:06]}  f5 {[%clk 0:00:50]} 23. Nxa8 {[%clk 0:01:04]}  fxg4 {[%clk 0:00:50]} 24. Nxb6 {[%clk 0:01:03]}  Bc6 {[%clk 0:00:46]} 25. Ne5 {[%clk 0:00:59]}  Nf5 {[%clk 0:00:46]} 26. Nxg4 {[%clk 0:00:53]}  Nexg3 {[%clk 0:00:41]} 27. Rf3 {[%clk 0:00:45]}  h5 {[%clk 0:00:36]} 28. Ne5 {[%clk 0:00:45]}  h4 {[%clk 0:00:33]} 29. Nxc6 {[%clk 0:00:44]}  bxc6 {[%clk 0:00:33]} 30. a4 {[%clk 0:00:44]}  Nd4 {[%clk 0:00:29]} 31. Rc3 {[%clk 0:00:23]}  Rxf4 {[%clk 0:00:27]} 32. a5 {[%clk 0:00:23]}  Rf2 {[%clk 0:00:25]} 33. a6 {[%clk 0:00:20]}  Nde2 {[%clk 0:00:09]} 34. a7 {[%clk 0:00:19]}  h3 {[%clk 0:00:10]} 35. a8=Q+ {[%clk 0:00:18]}  Kg7 {[%clk 0:00:09]} 36. Rxg3+ {[%clk 0:00:17]}  Nxg3 {[%clk 0:00:08]} 37. Kxg3 {[%clk 0:00:18]}  Rxg2+ {[%clk 0:00:08]} 38. Kxh3 {[%clk 0:00:19]}  Rxc2 {[%clk 0:00:08]} 39. Rf1 {[%clk 0:00:17]}  Rxb2 {[%clk 0:00:05]} 40. Qf8+ {[%clk 0:00:17]} 1-0

[Event "April 9 Early 2024"]
[Site "Chess.com"]
[Date "2024.04.09"]
[Round "1"]
[White "Skiadopoulos, Nikolaos"]
[Black "Daaevik Wadhawan"]
[Result "0-1"]
[Board "295"]
[WhiteFideId "4200772"]
[BlackFideId "45015724"]
[WhiteTitle "CM"]
[BlackTitle "FM"]
[WhiteElo "1869"]
[BlackElo "2563"]
[WhiteTeam "GRE"]
[BlackTeam "IND"]
[WhiteClock "0:00:09"]
[BlackClock "0:00:08"]
[Variant "Standard"]

1. e4 {[%clk 0:02:57]}  c6 {[%clk 0:02:58]} 2. d4 {[%clk 0:02:56]}  d5 {[%clk 0:02:58]} 3. e5 {[%clk 0:02:56]}  Bf5 {[%clk 0:02:57]} 4. Nc3 {[%clk 0:02:55]}  e6 {[%clk 0:02:57]} 5. g4 {[%clk 0:02:54]}  Bg6 {[%clk 0:02:57]} 6. Nge2 {[%clk 0:02:54]}  c5 {[%clk 0:02:51]} 7. h4 {[%clk 0:02:45]}  h5 {[%clk 0:02:44]} 8. Nf4 {[%clk 0:02:44]}  Bh7 {[%clk 0:02:36]} 9. Nxh5 {[%clk 0:02:43]}  Nc6 {[%clk 0:02:37]} 10. Be3 {[%clk 0:02:39]}  Qb6 {[%clk 0:02:26]} 11. Na4 {[%clk 0:02:30]}  Qa5+ {[%clk 0:02:25]} 12. c3 {[%clk 0:02:29]}  cxd4 {[%clk 0:01:55]} 13. Bxd4 {[%clk 0:02:27]}  Be4 {[%clk 0:01:47]} 14. Rh3 {[%clk 0:02:14]}  O-O-O {[%clk 0:01:13]} 15. f3 {[%clk 0:02:01]}  Bg6 {[%clk 0:01:12]} 16. Nf4 {[%clk 0:01:59]}  Be7 {[%clk 0:01:02]} 17. h5 {[%clk 0:01:50]}  Bh7 {[%clk 0:01:02]} 18. b4 {[%clk 0:01:41]}  Qc7 {[%clk 0:01:00]} 19. Nd3 {[%clk 0:01:13]}  Bxd3 {[%clk 0:00:32]} 20. Bxd3 {[%clk 0:01:06]}  Nxe5 {[%clk 0:00:20]} 21. Bxe5 {[%clk 0:01:05]}  Qxe5+ {[%clk 0:00:20]} 22. Qe2 {[%clk 0:01:05]}  Qxe2+ {[%clk 0:00:19]} 23. Kxe2 {[%clk 0:01:04]}  Bf6 {[%clk 0:00:20]} 24. f4 {[%clk 0:00:57]}  g5 {[%clk 0:00:13]} 25. Rf3 {[%clk 0:00:49]}  Nh6 {[%clk 0:00:08]} 26. f5 {[%clk 0:00:36]}  e5 {[%clk 0:00:04]} 27. Nc5 {[%clk 0:00:32]}  e4 {[%clk 0:00:04]} 28. Bxe4 {[%clk 0:00:32]}  dxe4 {[%clk 0:00:04]} 29. Nxe4 {[%clk 0:00:32]}  Rhe8 {[%clk 0:00:05]} 30. Re3 {[%clk 0:00:31]}  Nxg4 {[%clk 0:00:05]} 31. Nd6+ {[%clk 0:00:24]}  Rxd6 {[%clk 0:00:05]} 32. Rxe8+ {[%clk 0:00:24]}  Kd7 {[%clk 0:00:05]} 33. Rd1 {[%clk 0:00:22]}  Rxd1 {[%clk 0:00:04]} 34. Kxd1 {[%clk 0:00:20]}  Kxe8 {[%clk 0:00:04]} 35. c4 {[%clk 0:00:19]}  Ne3+ {[%clk 0:00:04]} 36. Ke2 {[%clk 0:00:19]}  Nxc4 {[%clk 0:00:05]} 37. Kd3 {[%clk 0:00:19]}  Nd6 {[%clk 0:00:06]} 38. h6 {[%clk 0:00:18]}  Nxf5 {[%clk 0:00:07]} 39. h7 {[%clk 0:00:09]}  Bh8 {[%clk 0:00:08]} 0-1

[Event "April 9 Early 2024"]
[Site "Chess.com"]
[Date "2024.04.10"]
[Round "1"]
[White "Schirmbeck, Lilian"]
[Black "Koutlas, Nikolaos"]
[Result "0-1"]
[Board "299"]
[WhiteFideId "34620532"]
[BlackFideId "25827138"]
[WhiteTitle "WCM"]
[BlackTitle "FM"]
[WhiteElo "1525"]
[BlackElo "2558"]
[WhiteTeam "GER"]
[BlackTeam "GRE"]
[WhiteClock "0:00:20"]
[BlackClock "0:01:50"]
[Variant "Standard"]

1. d4 {[%clk 0:02:57]}  e6 {[%clk 0:03:00]} 2. c4 {[%clk 0:02:56]}  d5 {[%clk 0:02:58]} 3. Nc3 {[%clk 0:02:56]}  Ne7 {[%clk 0:02:50]} 4. Nf3 {[%clk 0:02:53]}  c6 {[%clk 0:02:48]} 5. g3 {[%clk 0:02:48]}  Nd7 {[%clk 0:02:47]} 6. Bg2 {[%clk 0:02:48]}  Nf6 {[%clk 0:02:45]} 7. O-O {[%clk 0:02:47]}  Nf5 {[%clk 0:02:45]} 8. Bf4 {[%clk 0:02:21]}  Be7 {[%clk 0:02:41]} 9. Re1 {[%clk 0:02:18]}  Nd6 {[%clk 0:02:41]} 10. Ne5 {[%clk 0:02:02]}  O-O {[%clk 0:02:40]} 11. c5 {[%clk 0:01:59]}  Nde4 {[%clk 0:02:40]} 12. f3 {[%clk 0:01:45]}  Nxc3 {[%clk 0:02:35]} 13. bxc3 {[%clk 0:01:44]}  Nd7 {[%clk 0:02:35]} 14. Nxd7 {[%clk 0:01:41]}  Bxd7 {[%clk 0:02:35]} 15. e4 {[%clk 0:01:41]}  b6 {[%clk 0:02:32]} 16. cxb6 {[%clk 0:01:36]}  axb6 {[%clk 0:02:29]} 17. Qc2 {[%clk 0:01:25]}  c5 {[%clk 0:02:28]} 18. Be3 {[%clk 0:00:59]}  dxe4 {[%clk 0:02:26]} 19. fxe4 {[%clk 0:00:58]}  cxd4 {[%clk 0:02:25]} 20. cxd4 {[%clk 0:00:52]}  Ra3 {[%clk 0:02:23]} 21. Qf2 {[%clk 0:00:48]}  Qb8 {[%clk 0:01:58]} 22. Rab1 {[%clk 0:00:43]}  Qa7 {[%clk 0:01:56]} 23. Rb2 {[%clk 0:00:39]}  Qa5 {[%clk 0:01:51]} 24. d5 {[%clk 0:00:33]}  Rxe3 {[%clk 0:01:49]} 25. Qxe3 {[%clk 0:00:20]}  Bc5 {[%clk 0:01:50]} 0-1

[Event "April 9 Early 2024"]
[Site "Chess.com"]
[Date "2024.04.09"]
[Round "2"]
[White "Shankland, Sam"]
[Black "Tabuenca Mendataurigoitia, Daniel"]
[Result "1-0"]
[Board "50"]
[WhiteFideId "2004887"]
[BlackFideId "24563617"]
[WhiteTitle "GM"]
[BlackTitle "FM"]
[WhiteElo "2888"]
[BlackElo "2605"]
[WhiteTeam "USA"]
[BlackTeam "ESP"]
[WhiteClock "0:01:08"]
[BlackClock "0:00:10"]
[Variant "Standard"]

1. e4 {[%clk 0:03:00]}  Nc6 {[%clk 0:02:57]} 2. d4 {[%clk 0:02:58]}  d5 {[%clk 0:02:56]} 3. Nc3 {[%clk 0:02:58]}  dxe4 {[%clk 0:02:51]} 4. d5 {[%clk 0:02:59]}  Ne5 {[%clk 0:02:51]} 5. Bf4 {[%clk 0:02:59]}  Ng6 {[%clk 0:02:50]} 6. Bg3 {[%clk 0:02:59]}  a6 {[%clk 0:02:45]} 7. Nh3 {[%clk 0:02:52]}  Nf6 {[%clk 0:02:28]} 8. Bc4 {[%clk 0:02:48]}  b5 {[%clk 0:02:17]} 9. Bb3 {[%clk 0:02:48]}  Bxh3 {[%clk 0:02:15]} 10. gxh3 {[%clk 0:02:47]}  Qd7 {[%clk 0:02:16]} 11. Qe2 {[%clk 0:02:45]}  h5 {[%clk 0:02:00]} 12. h4 {[%clk 0:02:43]}  Qg4 {[%clk 0:01:58]} 13. Bxc7 {[%clk 0:02:16]}  Nxh4 {[%clk 0:01:54]} 14. Qxg4 {[%clk 0:02:12]}  hxg4 {[%clk 0:01:54]} 15. O-O-O {[%clk 0:02:12]}  g6 {[%clk 0:01:50]} 16. Be5 {[%clk 0:01:50]}  e3 {[%clk 0:01:34]} 17. fxe3 {[%clk 0:01:49]}  Bh6 {[%clk 0:01:33]} 18. Kb1 {[%clk 0:01:48]}  O-O-O {[%clk 0:01:21]} 19. d6 {[%clk 0:01:31]}  Nf3 {[%clk 0:01:14]} 20. Bxf6 {[%clk 0:01:29]}  exf6 {[%clk 0:01:11]} 21. Bxf7 {[%clk 0:01:29]}  Ne5 {[%clk 0:01:03]} 22. Be6+ {[%clk 0:01:28]}  Kb8 {[%clk 0:01:01]} 23. d7 {[%clk 0:01:25]}  f5 {[%clk 0:00:53]} 24. Rd6 {[%clk 0:01:19]}  Bxe3 {[%clk 0:00:39]} 25. Re1 {[%clk 0:01:15]}  Bf4 {[%clk 0:00:35]} 26. Rxa6 {[%clk 0:01:14]}  Nf3 {[%clk 0:00:28]} 27. Rd1 {[%clk 0:01:12]}  Rxh2 {[%clk 0:00:24]} 28. Nxb5 {[%clk 0:01:10]}  g3 {[%clk 0:00:20]} 29. Bd5 {[%clk 0:01:10]}  Nd2+ {[%clk 0:00:13]} 30. Rxd2 {[%clk 0:01:08]}  Rxd2 {[%clk 0:00:10]} 31. Ra8# {[%clk 0:01:08]} 1-0

[Event "April 9 Early 2024"]
[Site "Chess.com"]
[Date "2024.04.09"]
[Round "2"]
[White "Palencia Morales, Wilson Guillermo"]
[Black "Urazayev, Arystanbek"]
[Result "1/2-1/2"]
[Board "51"]
[WhiteFideId "4401859"]
[BlackFideId "13709810"]
[WhiteTitle "IM"]
[BlackTitle "IM"]
[WhiteElo "2603"]
[BlackElo "2887"]
[WhiteTeam "COL"]
[BlackTeam "KAZ"]
[WhiteClock "0:00:09"]
[BlackClock "0:00:07"]
[Variant "Standard"]

1. d4 {[%clk 0:03:00]}  Nf6 {[%clk 0:02:54]} 2. c4 {[%clk 0:03:00]}  e6 {[%clk 0:02:54]} 3. Nf3 {[%clk 0:03:00]}  d5 {[%clk 0:02:54]} 4. Nc3 {[%clk 0:03:00]}  Be7 {[%clk 0:02:54]} 5. Bg5 {[%clk 0:03:01]}  O-O {[%clk 0:02:51]} 6. e3 {[%clk 0:03:00]}  h6 {[%clk 0:02:52]} 7. Bxf6 {[%clk 0:03:00]}  Bxf6 {[%clk 0:02:53]} 8. Qc2 {[%clk 0:03:00]}  c6 {[%clk 0:02:52]} 9. O-O-O {[%clk 0:02:59]}  dxc4 {[%clk 0:02:52]} 10. h4 {[%clk 0:02:56]}  b5 {[%clk 0:02:50]} 11. g4 {[%clk 0:02:57]}  Be7 {[%clk 0:02:46]} 12. g5 {[%clk 0:02:52]}  h5 {[%clk 0:02:45]} 13. g6 {[%clk 0:02:52]}  f5 {[%clk 0:02:31]} 14. Ne5 {[%clk 0:02:46]}  Nd7 {[%clk 0:02:25]} 15. Nxc6 {[%clk 0:02:41]}  Qe8 {[%clk 0:02:25]} 16. Bg2 {[%clk 0:02:39]}  Ba6 {[%clk 0:02:17]} 17. Qe2 {[%clk 0:02:28]}  Nf6 {[%clk 0:02:17]} 18. d5 {[%clk 0:02:23]}  b4 {[%clk 0:02:12]} 19. Na4 {[%clk 0:02:11]}  Bb5 {[%clk 0:02:00]} 20. Nxe7+ {[%clk 0:01:54]}  Qxe7 {[%clk 0:01:56]} 21. d6 {[%clk 0:01:55]}  Qd8 {[%clk 0:01:47]} 22. Nc5 {[%clk 0:01:54]}  Qa5 {[%clk 0:01:43]} 23. Bxa8 {[%clk 0:01:30]}  Qxa2 {[%clk 0:01:35]} 24. Qc2 {[%clk 0:01:26]}  Rxa8 {[%clk 0:01:32]} 25. b3 {[%clk 0:01:21]}  Qa1+ {[%clk 0:01:27]} 26. Kd2 {[%clk 0:01:21]}  Qe5 {[%clk 0:01:27]} 27. bxc4 {[%clk 0:01:16]}  Bc6 {[%clk 0:01:24]} 28. Nd3 {[%clk 0:01:10]}  Qxd6 {[%clk 0:01:19]} 29. c5 {[%clk 0:01:10]}  Qd8 {[%clk 0:01:06]} 30. Rhg1 {[%clk 0:01:04]}  Ne4+ {[%clk 0:01:06]} 31. Ke1 {[%clk 0:01:02]}  Qxh4 {[%clk 0:01:06]} 32. Qc4 {[%clk 0:00:57]}  Bd5 {[%clk 0:00:54]} 33. Qxb4 {[%clk 0:00:56]}  Qh2 {[%clk 0:00:53]} 34. Rf1 {[%clk 0:00:56]}  Rb8 {[%clk 0:00:51]} 35. Qa3 {[%clk 0:00:50]}  Ng5 {[%clk 0:00:35]} 36. Nf4 {[%clk 0:00:40]}  Bc4 {[%clk 0:00:25]} 37. Kd2 {[%clk 0:00:31]}  Bxf1 {[%clk 0:00:20]} 38. Rxf1 {[%clk 0:00:30]}  Ne4+ {[%clk 0:00:18]} 39. Kc1 {[%clk 0:00:17]}  Qh4 {[%clk 0:00:15]} 40. Qa2 {[%clk 0:00:16]}  Nxc5 {[%clk 0:00:11]} 41. Nxe6 {[%clk 0:00:13]}  Nb3+ {[%clk 0:00:11]} 42. Kd1 {[%clk 0:00:09]}  Qe7 {[%clk 0:00:11]} 43. Nd4 {[%clk 0:00:07]}  Qb4 {[%clk 0:00:09]} 44. Ke2 {[%clk 0:00:07]}  Kh8 {[%clk 0:00:08]} 45. Qxb3 {[%clk 0:00:07]}  Qxb3 {[%clk 0:00:09]} 46. Nxb3 {[%clk 0:00:07]}  Rxb3 {[%clk 0:00:10]} 47. Rh1 {[%clk 0:00:08]}  Kg8 {[%clk 0:00:07]} 48. Rxh5 {[%clk 0:00:08]}  Rb5 {[%clk 0:00:08]} 49. e4 {[%clk 0:00:08]}  Rb2+ {[%clk 0:00:08]} 50. Ke3 {[%clk 0:00:08]}  fxe4 {[%clk 0:00:08]} 51. Ra5 {[%clk 0:00:09]}  Rb6 {[%clk 0:00:09]} 52. Rxa7 {[%clk 0:00:08]}  Rxg6 {[%clk 0:00:10]} 53. Kxe4 {[%clk 0:00:09]}  Rf6 {[%clk 0:00:10]} 54. f4 {[%clk 0:00:09]}  Kh7 {[%clk 0:00:11]} 55. f5 {[%clk 0:00:10]}  Kh6 {[%clk 0:00:11]} 56. Ra2 {[%clk 0:00:09]}  Kh7 {[%clk 0:00:11]} 57. Ra7 {[%clk 0:00:09]}  Rb6 {[%clk 0:00:11]} 58. Kf4 {[%clk 0:00:08]}  Kh6 {[%clk 0:00:10]} 59. Ra4 {[%clk 0:00:08]}  Rc6 {[%clk 0:00:09]} 60. Re4 {[%clk 0:00:08]}  Kh5 {[%clk 0:00:09]} 61. Re6 {[%clk 0:00:07]}  Rc4+ {[%clk 0:00:09]} 62. Ke5 {[%clk 0:00:08]}  Rg4 {[%clk 0:00:09]} 63. Re7 {[%clk 0:00:08]}  Rg1 {[%clk 0:00:09]} 64. Ke6 {[%clk 0:00:08]}  Kh6 {[%clk 0:00:10]} 65. Re8 {[%clk 0:00:08]}  Kh7 {[%clk 0:00:09]} 66. Re7 {[%clk 0:00:08]}  Kh6 {[%clk 0:00:08]} 67. Re8 {[%clk 0:00:08]}  Re1+ {[%clk 0:00:09]} 68. Kf7 {[%clk 0:00:08]}  Rxe8 {[%clk 0:00:09]} 69. Kxe8 {[%clk 0:00:09]}  Kg5 {[%clk 0:00:08]} 70. Kf7 {[%clk 0:00:09]}  Kxf5 {[%clk 0:00:07]} 71. Kxg7 {[%clk 0:00:09]} 1/2-1/2